[Event "CZE-ch Betsys Online Blitz"]
[Site "Chess.com INT"]
[Date "2021.04.17"]
[Round "12"]
[White "Vrana, Frantisek"]
[Black "Kulovana, Eva"]
[Result "1/2-1/2"]
[WhiteElo "2236"]
[BlackElo "2141"]
[PlyCount "92"]
[EventDate "2021.04.17"]
[EventType "swiss (blitz)"]
[EventRounds "13"]
[EventCountry "CZE"]
[SourceTitle "CBM 201 Extra"]
[Source "ChessBase"]
[SourceDate "2021.05.31"]
[SourceVersion "1"]
[SourceVersionDate "2021.05.31"]
[SourceQuality "1"]

1. e4 c6 2. d4 d5 3. Nc3 dxe4 4. Nxe4 Bf5 5. Ng3 Bg6 6. Nh3 e6 7. Nf4 Bd6 8. h4 Qc7 9. Ngh5 Bxh5 10. Nxh5 g6 11. Qg4 f5 12. Qe2 gxh5 13. Bg5 Qf7 14. 0-0-0 Ne7 15. Qf3 Nd7 16. Bc4 Nb6 17. Bb3 Kd7 18. Rhe1 Nbd5 19. c4 h6 20. cxd5 Nxd5 21. Bxd5 exd5 22. Bf4 Rae8 23. Bxd6 Kxd6 24. Qf4+ Kd7 25. Re5 Rxe5 26. dxe5 Qe6 27. Re1 Rg8 28. Qb4 b6 29. g3 Rg4 30. Qa3 a5 31. Qf8 Qe7 32. Qxh6 Qe6 33. Qh7+ Kd8 34. Qxh5 Re4 35. Qh8+ Kd7 36. Qg7+ Kd8 37. Rxe4 dxe4 38. h5 Qc4+ 39. Kd1 Qf1+ 40. Kc2 Qxf2+ 41. Kc3 Qe3+ 42. Kc2 Qe2+ 43. Kc1 Qe1+ 44. Kc2 Qe2+ 45. Kc1 Qe1+ 46. Kc2 Qe2+ 1/2-1/2

[Event "World Corporate East E"]
[Site "Chess.com INT"]
[Date "2021.02.20"]
[Round "5.4"]
[White "Langvik, Ulrikke"]
[Black "Kulovana, Eva"]
[Result "0-1"]
[WhiteElo "1542"]
[BlackElo "2141"]
[PlyCount "68"]
[EventDate "2021.02.19"]
[EventType "team (rapid)"]
[EventRounds "7"]
[EventCountry "USA"]
[SourceTitle "EXT 2022"]
[Source "ChessBase"]
[SourceDate "2021.10.06"]
[SourceVersion "1"]
[SourceVersionDate "2021.10.06"]
[SourceQuality "1"]
[WhiteTeam "Equinor"]
[BlackTeam "Gordic"]
[WhiteTeamCountry "NOR"]
[BlackTeamCountry "CZE"]

1. d4 d5 2. c4 c6 3. e3 Nf6 4. Nc3 a6 5. a4 Bf5 6. Nf3 e6 7. Bd3 Bxd3 8. Qxd3 a5 9. c5 Na6 10. 0-0 Be7 11. Bd2 0-0 12. Ne5 Nd7 13. f4 f6 14. Nf3 e5 15. fxe5 fxe5 16. Qe2 Bf6 17. Na2 Re8 18. Bc3 exd4 19. Bxd4 Naxc5 20. Qc2 Ne4 21. Nc3 Bxd4 22. exd4 Ndf6 23. Rae1 Qb6 24. Kh1 Rad8 25. Rd1 Ng4 26. Nxe4 dxe4 27. Qc4+ Rd5 28. Ng5 Ne3 29. Qc1 Nxd1 30. Rxd1 h6 31. Nh3 Rxd4 32. Rf1 e3 33. Re1 e2 34. Ng1 Qd8 0-1

[Event "World Corporate East E"]
[Site "Chess.com INT"]
[Date "2021.02.19"]
[Round "3.3"]
[White "Petrov, Viktor"]
[Black "Kulovana, Eva"]
[Result "0-1"]
[WhiteElo "1932"]
[BlackElo "2141"]
[PlyCount "104"]
[EventDate "2021.02.19"]
[EventType "team (rapid)"]
[EventRounds "7"]
[EventCountry "USA"]
[SourceTitle "EXT 2022"]
[Source "ChessBase"]
[SourceDate "2021.10.06"]
[SourceVersion "1"]
[SourceVersionDate "2021.10.06"]
[SourceQuality "1"]
[WhiteTeam "Kaspersky"]
[BlackTeam "Gordic"]
[WhiteTeamCountry "RUS"]
[BlackTeamCountry "CZE"]

1. e4 c6 2. Nc3 d5 3. d4 dxe4 4. Nxe4 Bf5 5. Ng3 Bg6 6. Nf3 Nf6 7. Be2 e6 8. 0-0 Nbd7 9. Bf4 Be7 10. c3 0-0 11. Nh4 Nd5 12. Nxg6 hxg6 13. Bd2 c5 14. Bf3 cxd4 15. cxd4 N7f6 16. Qb3 Qb6 17. Qxb6 axb6 18. a3 b5 19. b4 Rfc8 20. Rfc1 Rxc1+ 21. Bxc1 Rc8 22. Ne4 Nxe4 23. Bxe4 Bf6 24. Be3 Rc3 25. Bd2 Rc4 26. Be3 Bxd4 27. Rc1 Nxe3 28. Rxc4 Nxc4 29. Bxb7 Nxa3 30. Kf1 Bc3 31. Ke2 Bxb4 32. Kd3 Bd6 33. Ba6 Kf8 34. Kc3 Ke7 35. g3 f5 36. Bb7 g5 37. Bc8 Kf6 38. Bd7 e5 39. f3 Bc5 40. Kb3 e4 41. fxe4 fxe4 42. Kc3 Ke5 43. h4 gxh4 44. gxh4 Kf4 45. h5 b4+ 46. Kd2 Kf3 47. Bc6 Bd4 48. Bd5 Nb5 49. Bc6 Nc3 50. Kc2 Kf2 51. Kb3 Bc5 52. Kc4 Be7 0-1

[Event "CZE-ch (Women)"]
[Site "Frydek Mistek"]
[Date "2020.09.12"]
[Round "8"]
[White "Kulovana, Eva"]
[Black "Miturova, Magdalena"]
[Result "0-1"]
[WhiteElo "2178"]
[BlackElo "2202"]
[PlyCount "141"]
[EventDate "2020.09.05"]
[EventType "tourn"]
[EventRounds "9"]
[EventCountry "CZE"]
[SourceTitle "CBM 198 Extra"]
[Source "ChessBase"]
[SourceDate "2020.11.30"]
[SourceVersion "1"]
[SourceVersionDate "2020.11.30"]
[SourceQuality "1"]

1. e4 e5 2. Nf3 Nc6 3. Bb5 a6 4. Ba4 Nf6 5. 0-0 Be7 6. Bxc6 dxc6 7. Qe1 Nd7 8. b3 c5 9. Bb2 Bf6 10. a4 b6 11. Na3 0-0 12. Nc4 Re8 13. h3 Bb7 14. Nh2 Nf8 15. Ng4 Ng6 16. g3 Bg5 17. d3 Bc8 18. Kh2 f6 19. Nge3 Qd7 20. Nf5 Ne7 21. Nxe7+ Rxe7 22. g4 Bf4+ 23. Kg2 Bb7 24. f3 Rf8 25. Bc1 g6 26. Bxf4 exf4 27. Qc1 f5 28. Kh2 fxg4 29. fxg4 f3 30. Qe3 b5 31. axb5 axb5 32. Nd2 Qd6+ 33. Kh1 Ref7 34. Qf2 Qe5 35. Rae1 Qc3 36. Nb1 Qg7 37. Qxc5 Qh6 38. Rf2 Qxh3+ 39. Rh2 f2 40. Qxf2 Rxf2 41. Rxh3 Rf1+ 42. Rxf1 Rxf1+ 43. Kg2 Rxb1 44. Rf3 Rc1 45. Rf2 h6 46. Kf3 Kg7 47. Rg2 Kf6 48. Ke3 c5 49. Rf2+ Kg7 50. Kf4 Bc8 51. g5 hxg5+ 52. Kxg5 Rg1+ 53. Kf4 g5+ 54. Ke5 g4 55. Kd6 g3 56. Rf3 Bg4 57. Re3 c4 58. bxc4 bxc4 59. e5 Bd1 60. e6 Bxc2 61. e7 Ba4 62. dxc4 g2 63. Rg3+ Kf6 64. Rf3+ Kg5 65. Kc7 Kg4 66. Rf8 Rc1 67. Rg8+ Kf3 68. Rf8+ Ke4 69. e8Q+ Bxe8 70. Rxe8+ Kd4 71. Rh8 0-1

[Event "CZE-chT2E 1920"]
[Site "Czech Republic"]
[Date "2020.02.09"]
[Round "8.2"]
[White "Kulovana, Eva"]
[Black "Volcik, Ludek"]
[Result "1-0"]
[WhiteElo "2200"]
[BlackElo "2101"]
[PlyCount "91"]
[EventDate "2019.10.13"]
[EventType "team-tourn"]
[EventRounds "11"]
[EventCountry "CZE"]
[SourceTitle "EXT 2024"]
[Source "ChessBase"]
[SourceDate "2023.10.10"]
[SourceVersion "1"]
[SourceVersionDate "2023.10.10"]
[SourceQuality "1"]
[WhiteTeam "Brno Lokomotiva"]
[BlackTeam "Borsice"]
[WhiteTeamCountry "CZE"]
[BlackTeamCountry "CZE"]

1. e4 c5 2. Nf3 d6 3. Bb5+ Nc6 4. 0-0 e6 5. Re1 Bd7 6. c3 a6 7. Bf1 Nf6 8. d4 Be7 9. e5 Nd5 10. c4 Nc7 11. d5 Na7 12. Nc3 Nc8 13. Ne4 0-0 14. exd6 Bxd6 15. Nxd6 Nxd6 16. Bf4 Nc8 17. Qd3 exd5 18. Ng5 g6 19. cxd5 Ne8 20. Ne4 Bf5 21. Bh6 Nf6 22. Qc3 Bxe4 23. Rxe4 Nd6 24. Rf4 Nf5 25. Rxf5 gxf5 26. Qg3+ Ng4 27. h3 Re8 28. hxg4 Qf6 29. gxf5+ Kh8 30. Bd2 Qg7 31. Bc3 f6 32. Qh4 Rf8 33. Re1 Rf7 34. d6 b5 35. d7 Kg8 36. Re3 Qf8 37. Re6 Rxd7 38. Bxf6 Qf7 39. Qg4+ Kf8 40. Bg5 Kg8 41. Bh6+ Kh8 42. Bf4 Rd5 43. Be5+ Rxe5 44. Rxe5 Qxa2 45. Re7 Qxb2 46. Qh4 1-0

[Event "CZE-chT1E 1920"]
[Site "Czech Republic"]
[Date "2020.01.19"]
[Round "6.5"]
[White "Kulovana, Eva"]
[Black "Sramek, Vojtech"]
[Result "1-0"]
[WhiteElo "2200"]
[BlackElo "2221"]
[PlyCount "67"]
[EventDate "2019.10.20"]
[EventType "team-tourn"]
[EventRounds "11"]
[EventCountry "CZE"]
[SourceTitle "CBM 194 Extra"]
[Source "ChessBase"]
[SourceDate "2020.03.31"]
[SourceVersion "1"]
[SourceVersionDate "2020.03.31"]
[SourceQuality "1"]
[WhiteTeam "Gordic"]
[BlackTeam "Orlova Slavia"]
[WhiteTeamCountry "CZE"]
[BlackTeamCountry "CZE"]

1. e4 c5 2. Nf3 Nc6 3. Bb5 e5 4. Bxc6 dxc6 5. d3 Bd6 6. h3 Ne7 7. a4 a5 8. Nbd2 Ng6 9. Nc4 Bc7 10. Be3 Qe7 11. Qd2 0-0 12. 0-0 f5 13. Bg5 Qf7 14. Qc3 fxe4 15. dxe4 Bxh3 16. Nfxe5 Nxe5 17. Nxe5 Bxe5 18. Qxe5 Rae8 19. Qg3 Bc8 20. f3 Re6 21. Bd2 b6 22. Rad1 Rg6 23. Qh4 Qc4 24. Bc3 Ba6 25. Rf2 Qxa4 26. b3 Qb5 27. Rd8 h6 28. Rxf8+ Kxf8 29. Qd8+ Kf7 30. Rd2 Qf1+ 31. Kh2 Re6 32. Rd7+ Kg6 33. Rxg7+ Kh5 34. g4# 1-0

[Event "CZE-chT2E 1920"]
[Site "Czech Republic"]
[Date "2019.12.01"]
[Round "4.2"]
[White "Kulovana, Eva"]
[Black "Zdrazil, Tomas"]
[Result "0-1"]
[WhiteElo "2200"]
[BlackElo "2131"]
[PlyCount "106"]
[EventDate "2019.10.13"]
[EventType "team-tourn"]
[EventRounds "11"]
[EventCountry "CZE"]
[SourceTitle "EXT 2024"]
[Source "ChessBase"]
[SourceDate "2023.10.10"]
[SourceVersion "1"]
[SourceVersionDate "2023.10.10"]
[SourceQuality "1"]
[WhiteTeam "Brno Lokomotiva"]
[BlackTeam "Kromeriz Slavia II"]
[WhiteTeamCountry "CZE"]
[BlackTeamCountry "CZE"]

1. e4 c5 2. Nf3 d6 3. Bb5+ Nd7 4. d4 cxd4 5. Qxd4 a6 6. Bxd7+ Bxd7 7. Bg5 h6 8. Bh4 Rc8 9. 0-0 Qc7 10. e5 e6 11. Nc3 d5 12. Qg4 g5 13. Bg3 Be7 14. Qh5 Qb6 15. Rab1 Kf8 16. Rfd1 Be8 17. Nd4 Rc4 18. Nce2 f5 19. Qf3 Kg7 20. h3 h5 21. Qe3 Kh7 22. f4 g4 23. Bf2 Bg6 24. b3 Rc8 25. c4 Nh6 26. cxd5 exd5 27. Rbc1 h4 28. Kh1 g3 29. Bg1 Bh5 30. Qd3 Qa5 31. Nf3 Bxf3 32. gxf3 Rhd8 33. Rxc8 Rxc8 34. Qxd5 Qb4 35. Qd3 Rd8 36. Qb1 Kg6 37. Kg2 Rxd1 38. Qxd1 Bc5 39. Bxc5 Qxc5 40. Qd4 Qc2 41. Qb6+ Kh5 42. Qe3 Ng8 43. e6 Ne7 44. Kf1 Qd1+ 45. Kg2 Qe1 46. Nxg3+ Qxg3+ 47. Kf1 Qxh3+ 48. Ke2 Qg2+ 49. Ke1 Qb2 50. Qc5 Qg7 51. Kf1 h3 52. Qc2 Qa1+ 53. Kf2 h2 0-1